Ultimate Craig of the creek character quiz - Statistics

General Stats
  • This quiz has been taken 85 times
  • The average score is 40 of 189
Answer Stats
Hint Answer % Correct
Main characters tall friend JP
80%
One of the plushes J
79%
Main character Craig
69%
They guard the overpass and are known as the green poncho Omar
66%
Main characters older brother Bernard
64%
A small chubby boy who is always eating candy Bobby
64%
Main characters short friend Kelsey
64%
Main characters sister Jessica
59%
The kid who runs the trading tree Kit
56%
One of the elders of the creek Elder mark
52%
The King's "best friend" of the hierarchy Maya
52%
A young kid with big fluffy red hair Big red
51%
One of the elders of the creek Elder david
51%
Leader of the junior forest scouts Jason
51%
Member of the 10 speeds who is also in the ice pop trio Cannon ball
49%
A kid who hangs out at the library and does other people's book reports Stacks
49%
A wild kid who roams around the creek helping animals in distress Wildernessa
49%
A short boy who has a crush on kelsey Aaron
48%
Main characters older brothers girlfriend Alexis
48%
The leader of the tea timers Eliza
48%
Owner of the creek daycare Angel
46%
Secretary of rules for the junior forest scouts Tony
46%
A boy with an obsession with cardboard Carter
44%
The tea timer dressed in blue and often used as a servant George
44%
A kid who was once the ace until they started planting tomatoes Toman
44%
Treasurer for the junior forest scouts Boris
43%
A kid fell in a hole which is now named after him | Member of bad moves David
43%
The ruler of the junk yard Junk lord
43%
Nickname for the member of the horse girls that has a crush on the main characters tall best friend Maney
43%
A member of the Honeysuckle Rangers and a "pal" of the hierarchy Raj
43%
A member of the Honeysuckle Rangers and a "pal" of the hierarchy Shawn
43%
Leader of the 10 speeds Handlebarb
41%
Main characters mom Nicole
39%
A short nerdy girl in the alliance of science Wren
39%
Main characters tall friends sisters girlfriend Kat
38%
Main characters younger cousin Bryson
36%
Leader of the horse girls Mackenzie
36%
Main characters dad Duane
34%
One of the elders of the creek Elder barry
34%
The tea timer dressed in violet Jane
34%
Main characters grandma JoJo
34%
A giant pet of the wild kid who roams around the creek helping animals in distress Cheesesticks
33%
The first king of the other side and the current king and the former queen's older brother Kenneth
33%
Co-leader of the 7th grade paintballers Paintball Benny
33%
Co-leader of the 6th grade paintballers Paintball Mike
33%
A magical kid who tries to spread creativity Sparkle cadet
33%
A kid who plays a sousaphone at exactly 5:00 P.M. every day so that kids can go home and have dinner The time keeper
33%
The smallest member of the 10 speeds Todd
33%
The lead guardsman of cardboard City Zoe
33%
The ruler of Herkleston Mills, the other side of the creek King xavier
31%
The Champion of the Cherry Blossoms The blur
31%
One of the groups on the other side of the creek Honeysuckle rangers
30%
A very disturbing and goblin-like child who loves to play in the mud and take on a role as a bridge troll because he thinks they are cool Roger
30%
The mischievous witch of the creek Tabitha
30%
Main characters grandad Earl
28%
Member of the horse girls that is the least excited about horses Marie
28%
Member of the horse girls that is the most excited about horses Melissa
28%
A kid who had been jinxed by a friend who moved away before they could be unjinxed Paloma
28%
The only 10 speed which doesn't wear a helmet Warpspeed
28%
The leader of the ninja kids Yustice
28%
The former queen of the other side and the King's older sister Cheyenne
26%
The sensible witch of the creek Courtney
26%
A sewer kid that is short and wears goggles Frisboy
26%
A stocky member of the rollers who is feisty Scoot
26%
The Champion of the Water Lilies The arm
26%
A "robotic" kid who claims to be from the year 3030 in search of music that can save the future Deltron
25%
The sewer Queen Eileen
25%
The Champion of the Acorn Knights The squashinator
25%
A minor character in "Craig of the Creek" that made his first appearance in the special "The Other Side" Acorn knight
23%
Main characters uncle Darnell
23%
The short nerdy girls second in command Faraday
23%
The main characters tall friends pet Goo
23%
A small boy who is immune to poison ivy The scratchless one
23%
One of the main characters brother and girlfriends friends who is blunt about his opinions Gibson
21%
Main characters older cousin Jasmine
21%
The main characters tall friends dad John
21%
The previous holder of the Green Poncho identity Michelle
21%
Main characters short friends dad Neil
21%
A young girl who is a sinister expert at "bring out your beast" Turner
21%
A minor character in Craig of the Creek. They appear in the half-hour special "The Other Side" Cherry blossom
20%
A young kid who, despite his diminutive and non-threatening appearance, is a force to be reckoned with Jerry
20%
Sewer Queens grandmother Lola
20%
The main characters short friends pet Mortimor
20%
Main characters tall friends mom Paula
18%
A sewer kid who wears a scuba tube and goggles Scuba
18%
A young kid who owns a giant hamster tunnel system at the Creek Sun
18%
A member of the ninja kids who is most enthusiastic about Japanese culture Zatch
18%
Usually the lab rat of the alliance of science Carl
16%
Real name for the member of the horse girls that has a crush on the main characters tall best friend Mangerine
16%
An androgynous looking child who likes to swim Mer-kid
16%
A religious boy who oversees many things at the Creek and runs the pet cemetery Priest kid
16%
A fancy dressed boy who often spends time at the creek Sailor boy
16%
A kid who rides a scooter Scooter girl
16%
A cult like leader who worships dogs Bridgid
15%
A young girl whom the main character befriends while at Elder Con Diane
15%
Librarian Harold
15%
Main characters aunty Kim
15%
The main characters tall friends "child" whom they "adopted" during the events of "Winter Break" Lil chris
15%
A member of the ninja kids who keeps ninja things in their pocket Prinda
15%
One of the plush kids Pullstring
15%
The former queen's best friend and right hand. Randy
15%
One of the two people which leads to one persons head exploding Rob
15%
A kid who collects the Creek Kids' secrets and has them written down in soda bottles Secret kid
15%
Leader of the plush kids Buttons
13%
One of the main characters brother and girlfriends friends who is often rude Cariss
13%
A young kid who owns a giant hamster tunnel system at the Creek's pet Cookie
13%
Sewer Queens sister Cristal
13%
Member of bad moves Emma
13%
A protagonist of The Legend of Bagravan Fire
13%
A protagonist of The Legend of Bagravan Ice
13%
Member of bad moves Katie
13%
The leader of a roller blading group from the Other Side Mariah
13%
A child who ate pop-rocks and drank soda at the same time resulting in their head exploding Natthew
13%
A passionate member of the Other Side's kitchen Tien
13%
The main characters tall friend's next door neighbor Carol
11%
Member of bad moves Daoud
11%
An inexperienced roller blader Dillard
11%
One of the main characters brother and girlfriends friends who is energetic and fun-loving Amina
10%
One of the sewer kids Aquatina
10%
Grandmother of the kid who runs the trading tree Evelyn
10%
A tall goofy kid who plays hockey and attempts to recruit the main characters tall friend onto his team Gordy
10%
A short stout kid who plays hockey and is missing their front teeth Keef
10%
They appear in the intro of an episode when the main characters short friend selects a PVC pipe for them to make a sword from Piper
10%
An excitable member of the rollers Razor
10%
The former head of the Other Side's kitchen Rick
10%
Sewer Queens mom Rory
10%
Participant in summer camp Roxie
10%
A kid who kept track of all the game scores in the creek Game master
8%
The main characters English doppelganger Greg
8%
The owner of the World Creek Pencil Break Federation Nate
8%
A quiet and laid back member of the Other Side's kitchen Ramil
8%
One of the sewer kids Speedicious
8%
One of the groups on the other side of the creek The water lily brigade
8%
A creek kid who is often mentioned by other creek kids but never seen Tony mozafari
8%
A kid with big hair that covers there eyes Charmaine
7%
The main characters short friends English doppelganger Chelsea
7%
One of the groups on the other side of the creek Cherry blossoms
7%
Substitute librarian Lorraine
7%
One of the main characters aunts Tina
7%
One of the sewer kids Tiny trunks
7%
One of the groups on the other side of the creek Acorn knights
5%
An other side kid whose costume is based on a coneflower Coneflower
5%
Paintball Mike and Paintball Benny's older cousin Cousin Bobby
5%
One of the elders pet ferrets Elder Mark II
5%
One of the two people which leads to one persons head exploding Jake
5%
A kid who found a shopping cart in the creek from an unrecognized grocery store Lisa
5%
One of the plush kids PB
5%
A common background character residing in the other side whose costume is based on a propeller fruit seed Propeller seed
5%
A camp councelor Shannon
5%
A large and joking member of the Other Side's kitchen Susan
5%
A team in the original capture the flag war The butterfly scouts
5%
A lesser known kid The fish king
5%
A team in the original capture the flag war The fizz boys
5%
A team in the original capture the flag war The roller-kids
5%
The main characters tall friends step-mom Amanda
3%
One of the plushes Ask-a-gator
3%
A person who sets their towel down on top of the X marking buried treasure Beachgoer
3%
The kid who runs the trading tree's grandmas husband and the kid who runs the trading tree's grandfather Burl
3%
An other side kid whose costume is based on a dandelion Cart kid
3%
The name for an animal that the main characters tall friend gave to a cicada Dracula
3%
An elderly member of the kitchen who was able to briefly become young again after trying Tien's food Elder chef
3%
A person that sells ice cream from a cart at the beach Ice cream vendor
3%
A team in the original capture the flag war The green belts
3%
A team in the original capture the flag war The hula heads
3%
A team in the original capture the flag war The kitty kids
3%
A team in the original capture the flag war The rocket club
3%
A team in the original capture the flag war The Space cadets
3%
A lesser known creek kid Barnold
2%
A kid sung about by one of the elders Billy
2%
A main character in the manga series Two Piece Bluffy
2%
Person who the small chubby boy who is always eating candy trick-or-treating Bobby's dad
2%
A lesser known creek kid Chunky
2%
Former head writers creeksona Jeff Trammell's Creeksona
2%
The main characters tall friends guidance councelor Jp's guidance councelor
2%
The main characters tall friends teacher Jp's teacher
2%
The main characters short friends mom Kelsey's dead mom
2%
The main characters short friends grandma Kelsey's grandma
2%
The main characters short friends great-uncle Kelsey's great-uncle
2%
Plays against the main characters brother when he was younger at bring out your beast Lil matt
2%
Somebody in the original capture the flag war Michael bart
2%
A lesser known creek kid Random kid
2%
One of the two creek kids that played in a fort before the original Capture the Flag War Sammy
2%
One of the two creek kids that played in a fort before the original Capture the Flag War Sarah
2%
One of the plushes Steve
2%
A minor background character whose costume is based on a tomato Tailor
2%
A team in the original capture the flag war The Herkleton Model Train Society
2%
A two-headed dragon who serves as the main antagonist of The Legend of Bagravan Two-Headed Dragon of Leiash
2%
A minor background character whose costume is based on a white lily White lily
2%
No matching quizzes found
Score Distribution
Percent of People with Each Score
Percentile by Number Answered
Your Score History
You have not taken this quiz